| 000 | 01180cam a2200301 4500 | ||
|---|---|---|---|
| 001 | 8651 | ||
| 005 | 20181127190440.0 | ||
| 008 | 990624s1998 at 001 0 eng d | ||
| 082 | 0 |
_a615.73 _221 |
|
| 110 |
_aTherapeutic Guidelines Limited. Cardiovascular Expert Group. _b _c _d _e _n _p |
||
| 245 | 0 | 0 |
_aTherapeutic guidelines : _bgastrointestinal. |
| 246 | 3 | 0 | _aTherapeutic guidelines, gastrointestinal |
| 250 | _a2nd ed. | ||
| 260 |
_aNorth Melbourne, Vic. : _bTherapeutic Guidelines Ltd, _c[1998] |
||
| 300 |
_axiv, 154 p. ; _c18 cm. |
||
| 336 |
_atext _btxt _2rdacontent |
||
| 337 |
_aunmediated _bn _2rdamedia |
||
| 338 |
_avolume _bnc _2rdacarrier |
||
| 500 | _aIncludes index. | ||
| 500 | _aRev. ed. of: Gastrointestinal drug guidelines / prepared by the Gastrointestinal Drug Guidelines Sub-Committee, Victorian Drug Usage Advisory Committee. | ||
| 650 | 1 | 2 |
_aGastrointestinal Diseases _xdrug therapy _0 |
| 650 | 2 | 2 |
_aGastrointestinal Agents _xadministration & dosage _0 |
| 655 | 2 |
_aHandbooks _0 |
|
| 710 | 2 | _aTherapeutic Guidelines Limited. | |
| 730 | 0 | _aGastrointestinal drug guidelines | |
| 999 |
_c7498 _d7498 |
||